00725nam a22002291 45000010005000000030008000050050017000130080041000300350018000710400036000890410008001250820022001332450039001552600043001943000036002374900058002735040038003316500020003698300013003897000042004028300051004449729BD-RjUL20211208234827.0140121s1959 nyua b 001 0 eng d a(BD-RjUL)9774 aDLC/ICUcICUdDLCdBD-RjULbeng aeng00a541.377bSEM 195910aSemiconductors. /cby N. B. Hannay aNew York :bReinhold Pub. Corp.c1959. axxiii, 767 p. :billus.c24 cm.1 aAmerican Chemical Society. Monograph series,vno. 140 aIncludes bibliography and index.. 0aSemiconductors. 0vno. 140.1 aHannay, N. B.d1921-q(Norman Bruce), 0aMonograph series (American Chemical Society) ;